| 000 | 00557nam a2200193Ia 4500 | ||
|---|---|---|---|
| 008 | 151119s9999||||xx |||||||||||||| ||und|| | ||
| 082 | _a891.4609 | ||
| 082 | _bGKKV8082 | ||
| 100 | _aखांडेकर वि स | ||
| 245 | _aनिवडक कोल्हटकर | ||
| 260 | _a-- | ||
| 260 | _b-- | ||
| 260 | _c0 | ||
| 600 | _aखांडेकर वि स | ||
| 630 | _aनिवडक कोल्हटकर | ||
| 700 | _aखांडेकर वि स | ||
| 730 | _aनिवडक कोल्हटकर | ||
| 942 | _cBOOK | ||
| 999 |
_c1062614 _d1062611 |
||